000
00319nam a22001457a 4500
020
_a
81-8423-076-1
082
_a
894.812.3
_b
KAK/M
100
_a
KAKKANADAN
245
_a
MALAYALATHINTE SUVARNNA KATHAKAL
260
_a
THRISSUR
_b
GREEN BOOKS
_c
2008
300
_a
180
520
_a
NOVEL
650
_a
NOVEL
942
_c
BK
999
_c
4939
_d
4939